Information for Women in agricultural extension in ACP Countries. (Record no. 46882)

MARC details
000 -LEADER
fixed length control field 00811nam a2200181 a 4500
008 - FIXED-LENGTH DATA ELEMENTS--GENERAL INFORMATION
fixed length control field 100114s1987 ||||||||||||||||| || u
050 ## - LIBRARY OF CONGRESS CALL NUMBER
Classification number CTA(02)
100 ## - MAIN ENTRY--PERSONAL NAME
Personal name Purvis, Barbara M
245 10 - TITLE STATEMENT
Title Information for Women in agricultural extension in ACP Countries.
Statement of responsibility, etc. Barbara M. Purvis
260 ## - PUBLICATION, DISTRIBUTION, ETC.
Place of publication, distribution, etc. Ede-Wageningen, The Netherlands:
Name of publisher, distributor, etc. CTA
Date of publication, distribution, etc. 1987
300 ## - PHYSICAL DESCRIPTION
Extent 75p.
350 ## - PRICE (NR) (BK AM CF MU VM SE) [OBSOLETE]
Price 0.00
490 ## - SERIES STATEMENT
Series statement The Technical Centre for Agricultural and Rural Co-operation (CTA)
650 ## - SUBJECT ADDED ENTRY--TOPICAL TERM
Topical term or geographic name entry element AGRICULTURE--DEVELOPING COUNTRIES--INFORMATION SERVICES--CONGRESSES
650 ## - SUBJECT ADDED ENTRY--TOPICAL TERM
Topical term or geographic name entry element INFORMATION
710 ## - ADDED ENTRY--CORPORATE NAME
Corporate name or jurisdiction name as entry element Technical Centre for Agricultural and Rural Cooperation (CTA)
995 ## - RECOMMENDATION 995 [LOCAL, UNIMARC FRANCE]
-- 0.00
-- CBU-MAIN LIBRARY (Kitwe)
-- 1
-- 0.00
-- 1
-- AVAILABLE
-- Jan 14, 2010
-- International Publications
Holdings
Withdrawn status Lost status Source of classification or shelving scheme Damaged status Not for loan Home library Current library Shelving location Date acquired Total Checkouts Full call number Barcode Date last seen Price effective from Koha item type
          CBU-MAIN LIBRARY, KITWE. CBU-MAIN LIBRARY, KITWE.   11/30/2022   CTA(02) Z03005405 11/30/2022 11/30/2022 MONOGRAPH